000 00827nam a2200253 a 4500
001 000021399
003 DO-SdBNP
005 20240229073944.0
007 ta
008 100907s1978 dr ac 000 0 spa d
040 _aDO-SdBNP
_bspa
_cBNPHU
082 4 _222
_a391.4347293
_bE96t
245 0 0 _aExposición temporal de máscaras del carnaval dominicano /
_ceditor José Chez Checo.
260 _aSanto Domingo :
_bMuseo del Hombre Dominicano,
_c1978.
300 _a28 p. :
_bil. retrs. ;
_c20 cm.
490 1 _aCatálogos y memorias
_v7
590 _aInventariado, 2021/BT
650 1 4 _aMáscaras
_xExposición
_944659
650 1 4 _aCarnaval
_xExposición
_zRepública Dominicana
_944660
700 1 _aChez Checo, José,
_d1949-
_eed.
_910145
830 0 _aCatálogos y memorias
_n7
_944661
910 _aMF
942 _2ddc
_cLBS1
999 _c20899
_d20899